000 00294nam a2200121Ia 4500
008 220216s9999 xx 000 0 und d
245 4 _aThe sad road from Kyoto to Durban
260 _bThe Economist
_c2011
300 _a16
650 _aClimate change
650 _aGlobal warming
942 _cJS
999 _c71026
_d71026